Atlas y geografía del mundo (Registro nro. 6537)
[ vista simple ]
| 000 -CABECERA | |
|---|---|
| campo de control de longitud fija | 00800aam a2200313 4500 |
| 005 - FECHA Y HORA DE ACTUALIZACIÓN | |
| campo de control | 20190805165436.0 |
| 008 - LONGITUD FIJA | |
| campo de control de longitud fija | 150727b xxu||||| |||| 00| 0 spa d |
| 041 ## - IDIOMA | |
| Código de idioma del texto/pista de sonido o título separado | |
| 082 ## - CLASIFICACIÓN DECIMAL DEWEY | |
| Número de clasificación | R 912 A881a |
| 245 ## - TÍTULO PROPIAMENTE DICHO | |
| Título | Atlas y geografía del mundo |
| 260 ## - PIE DE IMPRENTA | |
| Lugar de publicación, distribución, etc. | España |
| 260 ## - PIE DE IMPRENTA | |
| Nombre del editor, distribuidor, etc. | Lexus |
| 260 ## - PIE DE IMPRENTA | |
| Fecha de publicación, distribución, etc. | 2005 |
| 300 ## - DESCRIPCIÓN FÍSICA | |
| Extensión | 260 páginas |
| 650 ## - Materia General | |
| Materia general | ATLAS GEOGRÁFICO |
| 650 ## - Materia General | |
| Materia general | GEOGRAFÍA |
| 650 ## - Materia General | |
| Materia general | GEOGRAFÍA HUMANA |
| 650 ## - Materia General | |
| Materia general | CARTOGRAFÍA |
| 650 ## - Materia General | |
| Materia general | DIVISIÓN POLÍTICA |
| 650 ## - Materia General | |
| Materia general | PAÍSES |
| 650 ## - Materia General | |
| Materia general | AMÉRICA DEL NORTE |
| 650 ## - Materia General | |
| Materia general | AMÉRICA CENTRAL |
| 650 ## - Materia General | |
| Materia general | AMÉRICA DEL SUR |
| 650 ## - Materia General | |
| Materia general | EUROPA |
| 650 ## - Materia General | |
| Materia general | ASIA |
| 650 ## - Materia General | |
| Materia general | ÁFRICA |
| 650 ## - Materia General | |
| Materia general | OCEANÍA |
| 942 ## - Punto de Acceso Adicional Koha | |
| Tipo de ítem Koha | Libro |
| Estado perdido | Estado dañado | No para préstamo | Biblioteca permanente | Biblioteca actual | Signatura completa | Código de barras | Precio efectivo a partir del | Tipo de ítem |
|---|---|---|---|---|---|---|---|---|
| Departamento de Biblioteca y Documentación Alfonso Chase Brenes | Departamento de Biblioteca y Documentación Alfonso Chase Brenes | R 912 A881a | 11797 | 03/05/2016 | Libro |